000 01785nam0a2200385 i 4500
001 RU\NLR\BIBL_A\010020444
005 20241104065230.0
010 _a9785922114998
021 _aRU
_b2013-93652
_96492
035 _a(NILC)RuMoRGB-006701152
035 _a(NLR Aleph) 010020444
090 _a9898656
_c9898656
100 _a20140110d2013 km y0rusy50 ca
101 0 _arus
102 _aRU
105 _aa||||||||||||
200 1 _aАнализ неопределенности выделения информативных признаков и представлений изображений
_e[монография]
_fА. Г. Броневич, А. Н. Каркищенко, А. Е. Лепский
210 _aМосква
_cФизматлит
_d2013
215 _a308 с.
_cил., табл.
_d22
300 _aНа 4-й с. обл. авт.: д-ра физ.-мат. наук, профессора А. Г. Броневич, А. Н. Каркищенко, А. Е. Лепский
320 _aБиблиогр.: с. 301-308 (139 назв.)
606 _aИзображения
_xОбработка
_92313523
_3RU\NLR\AUTH\661384474
606 1 _aАнализ данных
_xЦентра неопределенности метод
_92483247
_3RU\NLR\AUTH\661473958
675 _a004.93:519.6
686 1 _aВ192.11
686 1 _aЗ811.3
700 1 _aБроневич
_bА.Г.
_gАндрей Георгиевич
701 1 _aКаркищенко
_bА.Н.
_gАлександр Николаевич
701 1 _aЛепский
_bА. Е.
_gАлександр Евгеньевич
801 0 _aRU
_bRuMoRKP
_c20131121
_gRCR
801 2 _aRU
_bРГБ
_c20131203
_grcr
801 1 _aRU
_bRuMoRKP
_c20131121
_2rusmarc
942 _cBOOK
980 _aNBR